Parrots - Picture Quiz - Statistics

General Stats
  • This quiz has been taken 86 times
  • The average score is 5 of 11
Answer Stats
Picture Answer % Correct
Cockatoo
84%
Macaw
80%
Lovebird
64%
Cockatiel
63%
Parakeet
54%
Sun Conure
53%
African Grey Parrot
43%
Amazon Parrot
29%
Parrotlet
27%
Eclectus
21%
Pionus
6%
No matching quizzes found
Score Distribution
Percent of People with Each Score
Percentile by Number Answered
Your Score History
You have not taken this quiz